01321nam a2200289 a 4500001001200000003000800012006001900020007001500039008004100054020001800095020002700113040002100140035002100161050002600182100001700208245025700225260005400482300003800536490003700574500002000611533015200631610002700783650004900810655002900859710001700888856012600905ebr10567593CaPaEBRm u cr cn|||||||||120612s2012 enka sf 001 0 eng d z9781849686105 z9781849686112 (e-book) aCaPaEBRcCaPaEBR a(OCoLC)79783357214aQA76.754b.W37 2012eb1 aWard, Peter.10aMicrosoft SharePoint for business executivesh[electronic resource] :bQ&A handbook : 100 essential questions and answers about SharePoint 2010 for executives considering SharePoint deployments /cPeter Ward ... [et al.] ; [foreword by Peter Grazioli]. aOlton, Birmingham [England] :bPackt Pub.,c2012. aviii, 211 p. :bill. (some col.).0 aProfessional expertise distilled aIncludes index. aElectronic reproduction.bPalo Alto, Calif. :cebrary,d2011.nAvailable via World Wide Web.nAccess may be limited to ebrary affiliated libraries.20aMicrosoft Corporation. 0aMicrosoft softwarevHandbooks, manuals, etc. 7aElectronic books.2local2 aebrary, Inc.40uhttp://site.ebrary.com/lib/rucke/Doc?id=10567593zAn electronic book accessible through the World Wide Web; click to view